000 00905nam a2200253 a 4500
001 BRCA_6495
005 20190320205500.0
008 260911s1920----gw-#######---#000-0#eng-#
041 _aeng
044 _agw
050 4 _aPZ3
_b.B75 12 1920
100 1 _aWilliamson, Charles Norris
_d1859-1920
_916235
245 1 0 _aThe lion´s mouse
_cby C. N. and A. M. Williamson.
260 _aLeipzig, Alemania
_bBernhard Tauchnitz
_c1920
300 _a285 p.
_c17 cm.
440 0 _aCollection of British authors. Tauchnitz edition
_vv. 4534
_916236
500 _aEn la cubierta: Collection of British and American authors
500 _aVer también CEF6, H144, L2, L15, L16, L17, L18, L19, L20, L22, L23, L24, L26, L27, L32, L166, N9, N11, N12, N13 y N17
500 _aL25
650 1 4 _aLiteratura inglesa
_916237
700 1 _aWilliamson, Mrs. Alice Muriel
_ecoaut.
_916238
902 _aGFM
942 _2lcc
_cB
999 _c6179
_d6179